| 000 | 00000nam 2200000zi 4500 |
| 001 | 9.923352 |
| 003 | CaOODSP |
| 005 | 20230531111813 |
| 006 | m o d f |
| 007 | cr |n||||||||| |
| 008 | 230531t20221998onca o f|0| 0 eng d |
| 040 | |aCaOODSP|beng|erda|cCaOODSP |
| 043 | |an-cn--- |
| 086 | 1 |aNH15-114/2022E-PDF |
| 245 | 00|aHomebuying step by step : |byour guide to buying a home in Canada. |
| 246 | 30|aYour guide to buying a home in Canada |
| 250 | |aRev. ed. |
| 264 | 1|a[Ottawa] : |bCMHC = SCHL, |c2022. |
| 264 | 4|c©1998 |
| 300 | |a1 online resource (27 pages) : |billustrations |
| 336 | |atexte|btxt|2rdacontent |
| 337 | |acomputer|bc|2rdamedia |
| 338 | |aonline resource|bcr|2rdacarrier |
| 500 | |aIssued also in French under title: L'achat d'une maison étape par étape : votre guide pour acheter une maison au Canada. |
| 500 | |aAt head of title: Mortgage loan insurance. |
| 500 | |aThe catalogue number (NH15-114/2004E) and ISBN (0-662-38780-5) of a previous edition are printed in this edition. |
| 650 | 0|aHouse buying|zCanada|vHandbooks, manuals, etc. |
| 650 | 0|aHome ownership|zCanada|vHandbooks, manuals, etc. |
| 655 | 7|aHandbooks and manuals|2lcgft |
| 710 | 2 |aCanada Mortgage and Housing Corporation, |eissuing body. |
| 775 | 08|tL'achat d'une maison étape par étape : |w(CaOODSP)9.923362 |
| 795 | |tHomebuying step by step : |w(CaOODSP)9.904060 |
| 856 | 40|qPDF|s1.67 MB|uhttps://publications.gc.ca/collections/collection_2023/schl-cmhc/NH15-114-2022-eng.pdf |